00487nam a2200181 a 4500001001300000003000900013005001700022008004100039020002300080082001700103245003100120260005000151300000800201500003500209505001000244650001800254710003300272nice12345678IN_TiNIC20260116012819.0050524s1980 sina grp 000 0 eng  a9971948 c10000a270.82bCCA1 aGuidelines for Development aSingaporebChristian Conference of Asiac1980 a94p aincludes index and biblioraphy2 aIndex aEcumenicalism2 aChristian Conference of Asia